Estadísticas para Principales Elementos Quimicos -Tabla Periódica

Haz click aquí para tomar la prueba!

Estadísticas generales

  • Esta prueba ha sido tomada 231 veces
  • La puntuación promedio es 47 de 73

Estadísticas de respuestas

#SímboloElemento% Correcto
1HHidrógeno
98%
8OOxígeno
95%
19KPotasio
92%
7NNitrógeno
91%
47AgPlata
91%
2HeHelio
90%
3LiLitio
90%
79AuOro
90%
12MgMagnesio
88%
11NaSodio
88%
6CCarbono
87%
5BBoro
84%
20CaCalcio
82%
17ClCloro
81%
29CuCobre
81%
25MnManganeso
81%
10NeNeón
81%
18ArArgón
80%
9FFlúor
79%
13AlAluminio
78%
4BeBerilio
78%
54XeXenón
78%
16SAzufre
75%
15PFosforo
75%
26FeHierro
74%
88RaRadio
74%
30ZnCinc
73%
35BrBromo
72%
38SrEstroncio
71%
56BaBario
70%
53IYodo
70%
87FrFrancio
69%
50SnEstaño
68%
14SiSilicio
68%
36KrKriptón
67%
33AsArsenico
66%
27CoCobalto
66%
55CsCesio
65%
28NiNiquel
65%
82PbPlomo
65%
34SeSelenio
64%
37RbRubidio
63%
32GeGermanio
62%
80HgMercurio
62%
86RnRadón
62%
31GaGalio
60%
52TeTelurio
58%
51SbAntimonio
57%
24CrCromo
57%
23VVanadio
57%
49InIndio
56%
78PtPlatino
55%
83BiBismuto
54%
84PoPolonio
54%
74WWolframio
53%
48CdCadmio
51%
46PdPaladio
50%
81TlTalio
50%
22TiTitanio
49%
85AtAstato
45%
42MoMolibdeno
44%
40ZrCirconio
43%
45RhRodio
40%
39YItrio
39%
21ScEscandio
38%
41NbNiobio
35%
44RuRutenio
33%
77IrIridio
31%
76OsOsmio
31%
73TaTántalo
30%
72HfHafnio
29%
75ReRenio
29%
43TcTecnecio
29%

Distribución de puntuación

Porcentaje por número respondido

Porcentaje de gente con cada puntuación

Historial de tus puntuaciones

No has tomado esta prueba